LABOR MARKET AND SIMULTANEOUS EQUATIONS SOLVED BY TSLS

Bibliographic Details
Main Authors: Langhamrová, Jitka (Author), Miskolczi, Martina (Author)
Format: Article
Language:English

MARC

LEADER 00000nab a2200000ua 4500
001 vtls010776889
003 SK-MaSNL
005 20260303151912.0
008 230222s2011 xo |||||||||||||||||eng|
035 |a (urnnbn)urn:nbn:sk:snk:ar-a03ufr 
035 |a (uuid)518996d0-2c25-4dba-9203-d36a5b9d8f7d 
035 |a urn:nbn:sk:snk-ab5f6x 
040 |a SNKBUCL  |b slo  |c SNKBUCL  |e AACR2 
041 0 |a eng 
044 |a xo  |c SK 
100 1 |a Langhamrová, Jitka  |4 aut  |9 496727 
245 1 0 |a LABOR MARKET AND SIMULTANEOUS EQUATIONS SOLVED BY TSLS  |c Jitka Langhamrová, Martina Miskolczi 
700 1 |a Miskolczi, Martina  |4 aut  |9 1143474 
773 0 |t Aplimat : journal of applied mathematics  |g Roč. 4, č. 3 (2011), s. [319]-[330] 
958 |a OND 
958 |a EUIPO 
958 |a article3 
999 |c 2020547  |d 2022477